000 00517nam a2200181Ia 4500
003 GCL
008 140319s9999 xx 000 0 ara d
040 _aGCL /
_cGCL
082 0 4 _a962
_bد م
100 1 _aرؤوف عباس
245 1 0 _aمصر: وعالم البحر المتوسط /
_cرؤوف عباس
260 _a[S.N] :
_bدار الفكر للدراسات والنشر والتوزيع ،
_c1986
300 _a325
490 _a
650 0 4 _aمصر
650 0 4 _aتاريخ حديث
942 _2ddc
_cBK
999 _c54239
_d54239